ARRUPE JESUIT UNIVERSITY

CORONAVIRUS -STOP THE SPREAD - CLEAN,DISINFECT,COVER

Philosophical writings (Record no. 125411)

MARC details
000 -LEADER
fixed length control field 01095cam a2200349 a 4500
001 - CONTROL NUMBER
control field 10297936
003 - CONTROL NUMBER IDENTIFIER
control field ARRUPE
005 - DATE AND TIME OF LATEST TRANSACTION
control field 20161004094121.0
006 - FIXED-LENGTH DATA ELEMENTS--ADDITIONAL MATERIAL CHARACTERISTICS--GENERAL INFORMATION
fixed length control field m d
007 - PHYSICAL DESCRIPTION FIXED FIELD--GENERAL INFORMATION
fixed length control field cr n
008 - FIXED-LENGTH DATA ELEMENTS--GENERAL INFORMATION
fixed length control field 110811s2011 enk sb 001 0 eng d
020 ## - INTERNATIONAL STANDARD BOOK NUMBER
International Standard Book Number 9780199587292
020 ## - INTERNATIONAL STANDARD BOOK NUMBER
International Standard Book Number 0199587299
020 ## - INTERNATIONAL STANDARD BOOK NUMBER
International Standard Book Number 9780198707912
035 ## - SYSTEM CONTROL NUMBER
System control number (WaSeSS)ssj0000546943
040 ## - CATALOGING SOURCE
Original cataloging agency BTCTA
Language of cataloging eng
Transcribing agency BTCTA
Modifying agency YDXCP
-- UAT
-- BWX
-- CUD
-- DLC
-- WaSeSS
042 ## - AUTHENTICATION CODE
Authentication code lccopycat
050 #4 - LIBRARY OF CONGRESS CALL NUMBER
Classification number B1667.S384P569
082 04 - DEWEY DECIMAL CLASSIFICATION NUMBER
Classification number 192
Edition number 22
300 ## - PHYSICAL DESCRIPTION
Dimensions 22cm.
100 1# - MAIN ENTRY--PERSONAL NAME
Personal name Strawson, P. F.
9 (RLIN) 10295
210 10 - ABBREVIATED TITLE
Abbreviated title Philosophical writings
245 10 - TITLE STATEMENT
Title Philosophical writings
Statement of responsibility, etc P.F. Strawson ; edited by Galen Strawson and Michelle Montague.
260 ## - PUBLICATION, DISTRIBUTION, ETC. (IMPRINT)
Place of publication, distribution, etc Oxford :
Name of publisher, distributor, etc Oxford University Press,
Date of publication, distribution, etc 2011.
300 ## - PHYSICAL DESCRIPTION
Extent ix, 258p.;
504 ## - BIBLIOGRAPHY, ETC. NOTE
Bibliography, etc Includes bibliographical references and index.
650 #0 - SUBJECT ADDED ENTRY--TOPICAL TERM
Topical term or geographic name as entry element Philosophy.
9 (RLIN) 26389
700 1# - ADDED ENTRY--PERSONAL NAME
Personal name Strawson, Galen.
9 (RLIN) 11348
700 1# - ADDED ENTRY--PERSONAL NAME
Personal name Montague, Michelle.
9 (RLIN) 26390
773 #0 - HOST ITEM ENTRY
Title Oxford Scholarship Online Philosophy
910 ## - USER-OPTION DATA (OCLC)
User-option data Library of Congress record
942 ## - ADDED ENTRY ELEMENTS (KOHA)
Source of classification or shelving scheme Library of Congress Classification
Koha item type Monograph ( Printed materials)
Holdings
Withdrawn status Lost status Source of classification or shelving scheme Damaged status Not for loan Collection code Home library Current library Shelving location Date acquired Total Checkouts Full call number Barcode Date last seen Date checked out Price effective from Koha item type
    Library of Congress Classification     Main Collection ARRUPE LIBRARY ARRUPE LIBRARY Main Collection 04/10/2016 2 B1667.S384P569 46500010057 17/05/2019 16/05/2019 04/10/2016 Monograph ( Printed materials)

 

Arrupe Library. PO Box MP320 Mt Pleasant, Harare, Zimbabwe
263 242 745411|librarian@aju.ac.zw